Plams sfor India / (Record no. 35824)

MARC details
000 -LEADER
fixed length control field 00707nam a22002057a 4500
005 - DATE AND TIME OF LATEST TRANSACTION
control field 20100508114110.0
008 - FIXED-LENGTH DATA ELEMENTS--GENERAL INFORMATION
fixed length control field 100508t xxu||||| |||| 00| 0 eng d
010 ## - LCCN (DPL NO)
LC control number B-368648
020 ## - INTERNATIONAL STANDARD BOOK NUMBER
Terms of availability 290.00
035 ## - SYSTEM CONTROL NUMBER
System control number B-368648
037 ## - SOURCE OF ACQUISITION
Source of stock number/acquisition Pansy Books
040 ## - CATALOGING SOURCE
Original cataloging agency dpl
Language of cataloging English
100 ## - MAIN ENTRY--PERSONAL NAME
Personal name Rawat, Dinesh
245 ## - TITLE STATEMENT
Title Plams sfor India /
Statement of responsibility, etc by Dinesh Rawat
260 ## - PUBLICATION, DISTRIBUTION, ETC. (IMPRINT)
Name of publisher, distributor, etc Sahayog Hortica
Place of publication, distribution, etc Parganas
300 ## - PHYSICAL DESCRIPTION
Extent p.
Dimensions cm.
942 ## - ADDED ENTRY ELEMENTS (KOHA)
Source of classification or shelving scheme Dewey Decimal Classification
Item type English Books
Call number suffix RAW
Holdings
Withdrawn status Lost status Source of classification or shelving scheme Damaged status Not for loan Home library Current library Date acquired Source of acquisition Cost, normal purchase price Total Checkouts Full call number Barcode Date last seen Copy number Cost, replacement price Koha item type
  Written-off vide DLB M. No. 383 dt 16.05.19 Dewey Decimal Classification     Patel Nagar Patel Nagar 08/05/2010 Pansy Books/982/27.1.10/3095/22.1.10/28.1.10 290.00   RAW B-368648 08/05/2010 1 290.00 English Books

© Delhi Public Library
Hit Counter
free hit counter